| 000 | 01373nam0a22002771 4500 | ||
|---|---|---|---|
| 001 | rc\3648040 | ||
| 005 | 20260408120957.0 | ||
| 021 |
_aRU _b[73-81677] |
||
| 035 | _a(NLR Aleph) 007832351 | ||
| 090 |
_a9748786 _c9748786 |
||
| 100 | _a20130115d1973 u y0rusy50 ca | ||
| 101 | 0 | _arus | |
| 102 | _aRU | ||
| 105 | _ay z ||||| | ||
| 200 | 1 |
_aТезисы докладов _fВДНХ СССР. Ин-т общей генетики АН СССР. Науч. совет по проблемам генетики и селекции АН СССР [и др.] Второй всесоюз. симпозиум "Молекулярные механизмы генет. процессов: мутагенез и репарация". 12-15 ноября 1973 г. |
|
| 210 |
_aМосква _cБ. и. _d1973 |
||
| 215 |
_a153 с. _d20 |
||
| 606 |
_aМолекулярная генетика _jТезисы докладов _2psbo |
||
| 606 |
_aМутации (биол.) _jТезисы докладов _2psbo |
||
| 710 | 1 | 2 |
_a"Молекулярные механизмы генетических процессов: мутагенез и репарация", всесоюзный симпозиум _d2 _f1973 _eМосква _3RU\NLR\AUTH\880392736 _9451361 |
| 801 | 0 |
_aRU _bNLR _gpsbo |
|
| 801 | 1 |
_aRU _bELAR _2rusmarc |
|
| 852 |
_aNLR _j73-3/7834 |
||
| 942 | _cBOOK | ||
| 980 | _aNB | ||